000 01542aam a2200289 i 4500
001 768714001
003 CO-MdFUSB
005 20240618062711.0
007 ta
008 220225t1992 ec |||| |||| 00| 0 spa d
020 _a[No incluye ISBN]
040 _bspa.
_aCO-MdFUSB
_cCO-MdFUSB
_dCO-MdFUSBC
_erda
041 _aspa
082 0 4 _a266
_223
_bE746m
245 1 0 _aMisión en el camino :
_bensayos en homenaje a Orlando E. Costas
_c/ Samuel Escobar
264 1 _aFlorida, Argentina :
_bFraternidad teológica latinoamericana,
_c[1992]
264 4 _c[1992]
300 _a128 páginas
_c; 22 cm
336 _atexto
_btxt
_2rdacontent
337 _2rdamedia
_asin mediación
_bn
338 _2rdacarrier
_avolumen
_bnc
505 _aPrólogo -- Avancemos en la plenitud de la misión: un comentario latinoamericano sobre la misología de San Pablo (Ro. 15.14-33) / Samuel Escobar -- La fe cristiana en el contexto de otras culturas / Sidney Rooy -- La misión de la iglesia: siguiendo las pisadas de San Francisco de Asís / Valdir Steuernagel -- La misión cristiana en las Américas: una perspectiva latinoamericana / C. René Padilla -- Ver, juzgar y actuar: la evangelización al estilo de Jesús en Juan 9 / Guillermo Cook -- Confianza en Dios a fines del siglo xx / Beatriz Melano Couch -- La adoración como fuerza iconoclasta: teología del culto: Salmo 100 / Edesio Sánchez Cetina -- Crezcamos en todo ... en Cristo / Daniel S. Schipani.
563 _aRústico
650 0 _aMisiones
_9154
942 _cBK
945 _aJTF-925
999 _c37465
_d37465